Indian Inventions - Statistics

General Stats
  • This quiz has been taken 374 times
  • The average score is 8 of 15
Answer Stats
Clue Invention % Correct
Most famous two-player board game Chess
98%
Liquid used for writing Ink
92%
Small, round object that is used on most clothes Button
80%
Hair care product Shampoo
77%
Ancient Hindu art, today practiced worldwide in gyms Yoga
73%
Aryabhata, Hindu number system Zero
73%
What celebrities get done often on nose, lips, eyes Plastic Surgery
59%
Simple length measuring device Ruler
56%
Martial art famous in China Karate
51%
Taxila, Nalanda, Pushpagiri, IITs University
45%
Ancient herbal medicine Ayurveda
35%
Another board game that teaches morals Snakes and Ladders
28%
A woman's best friend Diamonds
19%
Wireless communicate, Bose Radio
17%
Compass, GPS, directions Navigation
13%
No matching quizzes found
Score Distribution
Percent of People with Each Score
Percentile by Number Answered
Your Score History
You have not taken this quiz